| 000 | 00468nam a22001697a 4500 | ||
|---|---|---|---|
| 003 | NUST - PNEC | ||
| 005 | 20170116180929.0 | ||
| 008 | 150905b xxu||||| |||| 00| 0 eng d | ||
| 020 | _a0408012102 | ||
| 040 | _cLIBRARY | ||
| 082 | _a621.30148 BRO | ||
| 100 |
_98129 _aBrown, Phil |
||
| 245 |
_aDictionary of electrical, electronics and computer abbreviations _cPhil Brown |
||
| 260 | _cc.1985 | ||
| 650 |
_98132 _aElectrical, Electronics _xEE, EL |
||
| 942 |
_2ddc _cBK |
||
| 999 |
_c65845 _d65845 |
||